000 00508nam a2200169Ia 4500
999 _c24273
_d24273
003 OSt
005 20210105130954.0
008 190216s9999||||xx |||||||||||||| ||und||
040 _coclc
082 _a920
_bNAM/G
100 _aNamboodiripad, E M S
_95938
245 0 _aGandhijiyum Gandhisavum /
_cE M S Nambuthirippad
260 _bPrabhath printing publishing company,
_aKottayam:
_c1960.
300 _a246p
650 _aEssay Malayalam
942 _cBK
_2ddc
_h920
_iNAM/G
_k920
_mNAM/G